[Event "Weekend A"]
[Site "Bari ITA"]
[Date "2005.01.30"]
[Round "5"]
[White "Muolo, Angelo"]
[Black "Pizzuto, Samuele Tullio"]
[Result "0-1"]
[WhiteElo "1828"]
[BlackElo "2186"]
[PlyCount "96"]
[EventDate "2005.01.22"]

1. e4 d5 2. exd5 Nf6 3. d4 Bg4 4. Be2 Bxe2 5. Qxe2 Qxd5 6. Nf3 e6 7. c4 Bb4+ 8.
Nc3 Qf5 9. O-O Bxc3 10. bxc3 O-O 11. Qe5 Qxe5 12. Nxe5 Ne4 13. Bb2 f6 14. Nf3
Nd6 15. Nd2 Nd7 16. Ba3 Rfe8 17. Bxd6 cxd6 18. Ne4 d5 19. cxd5 exd5 20. Nd6 Re6
21. Nxb7 Rc8 22. Rfc1 Rec6 23. Na5 Rxc3 24. Rxc3 Rxc3 25. Nb3 Rc2 26. Kf1 Nb6
27. h4 Nc4 28. g3 Kf7 29. Ke1 Ke6 30. g4 Kd6 31. a4 Rc3 32. Rb1 Rh3 33. Nd2
Rxh4 34. Rb7 Nxd2 35. Kxd2 Rxg4 36. Rxa7 Rxd4+ 37. Ke3 Re4+ 38. Kf3 Re7 39.
Ra6+ Kc5 40. Ra5+ Kc4 41. Rb5 d4 42. Rb6 d3 43. Rd6 Kc3 44. Rc6+ Kb3 45. Rd6
Kc2 46. a5 d2 47. Rc6+ Kd1 48. a6 Ke1 0-1

[Event "Weekend A"]
[Site "Bari ITA"]
[Date "2005.01.30"]
[Round "5"]
[White "Pascali, Frederic"]
[Black "Viterbo, Luca"]
[Result "1/2-1/2"]
[WhiteElo "1831"]
[BlackElo "1811"]
[PlyCount "130"]
[EventDate "2005.01.22"]

1. Nf3 f5 2. g3 Nf6 3. Bg2 e6 4. d4 Be7 5. O-O O-O 6. c4 d5 7. c5 Bd7 8. Nc3
Nc6 9. Bf4 Nh5 10. Be5 g5 11. h3 g4 12. hxg4 fxg4 13. Nh2 Nxe5 14. dxe5 Bxc5
15. e3 Qe8 16. Nxd5 Rd8 17. Qxg4+ Kh8 18. Nf4 Nxf4 19. exf4 Rg8 20. Qh4 Be7 21.
Qh3 Bc6 22. Qxe6 Rxg3 23. Qxc6 Qxc6 24. fxg3 Qb6+ 25. Kh1 c6 26. Rad1 Kg7 27.
b3 Kf7 28. Ng4 h5 29. Rxd8 Qxd8 30. Nf2 Qd2 31. Ne4 Qxa2 32. f5 Qxb3 33. e6+
Ke8 34. f6 Qxe6 35. fxe7 Qxe7 36. Nf6+ Kd8 37. Nxh5 Kc7 38. Nf4 Qh7+ 39. Kg1 a5
40. Ne6+ Kb6 41. Nf8 Qc2 42. Nd7+ Kb5 43. Nf6 Qc3 44. Ne4 Qd4+ 45. Kh2 Ka6 46.
Rf5 a4 47. Nc5+ Kb6 48. Nxa4+ Qxa4 49. Rf4 Qc2 50. g4 Qd2 51. Rf5 Qh6+ 52. Rh5
Qd6+ 53. Kh3 Ka6 54. g5 Qd3+ 55. Kg4 c5 56. Rh6+ b6 57. Rf6 Qd7+ 58. Kh5 Qe7
59. Bf1+ Ka5 60. Rf4 b5 61. g6 Qe5+ 62. Kg4 c4 63. Bxc4 bxc4 64. Rf5 Qxf5+ 65.
Kxf5 c3 1/2-1/2

[Event "Weekend A"]
[Site "Bari ITA"]
[Date "2005.01.30"]
[Round "5"]
[White "Rizzo, Giovanbattista"]
[Black "Palma, Antonio"]
[Result "1/2-1/2"]
[WhiteElo "2089"]
[BlackElo "1953"]
[PlyCount "163"]
[EventDate "2005.01.22"]

1. d4 d5 2. c4 e6 3. Nc3 c5 4. cxd5 exd5 5. Nf3 Nc6 6. Bf4 Nf6 7. e3 Be7 8. Be2
Bg4 9. dxc5 Bxc5 10. O-O O-O 11. Rc1 Be7 12. h3 Bf5 13. a3 a6 14. b4 Re8 15.
Na4 Ne4 16. Nd4 Bd7 17. Nxc6 Bxc6 18. Bg4 Bf6 19. f3 Nd6 20. Nc5 Nc4 21. e4
Nxa3 22. Qb3 Nb5 23. Rfd1 d4 24. Nd3 Bg5 25. Bxg5 Qxg5 26. f4 Qh4 27. Ne5 Qf6
28. Nxc6 bxc6 29. Bd7 Red8 30. Bxc6 Rac8 31. Bxb5 Rxc1 32. Rxc1 axb5 33. Qf3 d3
34. e5 d2 35. Rd1 Qe7 36. Qc3 Qa7+ 37. Qc5 Qb7 38. Qe3 Qd5 39. f5 Qc4 40. e6
fxe6 41. fxe6 Qxb4 42. e7 Re8 43. Qe6+ Kh8 44. Qd7 Qxe7 45. Qxe7 Rxe7 46. Rxd2
Kg8 47. Rd8+ Kf7 48. Rb8 Re5 49. Kf2 Kf6 50. Rb7 h6 51. g4 g6 52. h4 h5 53.
Rb6+ Kf7 54. Rb7+ Ke8 55. Kf3 Rc5 56. gxh5 Rxh5 57. Rb6 Kf7 58. Rb7+ Kf6 59.
Rb6+ Kg7 60. Rb7+ Kh6 61. Rb8 Rc5 62. Rb7 Rc3+ 63. Kg2 Rb3 64. Rb8 Kh5 65. Rb6
b4 66. Kf2 Rb2+ 67. Kg3 Rb3+ 68. Kf2 Kh6 69. Rb7 Rb2+ 70. Kf3 b3 71. Kg3 Rb1
72. Kg2 b2 73. Kh2 Kh5 74. Rb4 Kh6 75. Rb7 Kh5 76. Rb4 g5 77. hxg5 Kxg5 78. Kg2
Kf5 79. Rb8 Ke4 80. Re8+ Kd5 81. Rd8+ Kc6 82. Rb8 1/2-1/2

[Event "Weekend A"]
[Site "Bari ITA"]
[Date "2005.01.30"]
[Round "5"]
[White "Shytaj, Carlo"]
[Black "Delfino, Luigi"]
[Result "1-0"]
[WhiteElo "2195"]
[BlackElo "2078"]
[PlyCount "77"]
[EventDate "2005.01.22"]

1. e4 c6 2. d4 d5 3. exd5 cxd5 4. Bd3 Nc6 5. c3 Nf6 6. h3 e5 7. dxe5 Nxe5 8.
Qe2 Qe7 9. Bb5+ Nc6 10. Qxe7+ Bxe7 11. Be3 O-O 12. Nf3 Ne4 13. Nbd2 Bf6 14.
Bxc6 bxc6 15. Nxe4 dxe4 16. Nd4 Bxd4 17. Bxd4 Ba6 18. O-O-O f5 19. Bc5 Rf7 20.
Rd6 Rc8 21. h4 Bc4 22. b3 Bd3 23. h5 Rb7 24. Rh3 Rb5 25. b4 Rb7 26. Rg3 a5 27.
Rg5 axb4 28. cxb4 Rf7 29. a4 Bc4 30. Kb2 Be2 31. Kc3 h6 32. Rxh6 Rd7 33. Rd6
Rxd6 34. Bxd6 Rd8 35. Be5 Rd3+ 36. Kc2 Bd1+ 37. Kc1 Bxa4 38. Rxg7+ Kf8 39. h6
1-0

[Event "Weekend A"]
[Site "Bari ITA"]
[Date "2005.01.30"]
[Round "6"]
[White "Crudele, Michele"]
[Black "Rizzo, Giovanbattista"]
[Result "1/2-1/2"]
[WhiteElo "1897"]
[BlackElo "2089"]
[PlyCount "121"]
[EventDate "2005.01.22"]

1. d4 e6 2. Nf3 f5 3. Bg5 Bb4+ 4. c3 Be7 5. h4 b6 6. Nbd2 Bb7 7. Qc2 Nf6 8.
Bxf6 Bxf6 9. e3 Nc6 10. Bd3 d5 11. O-O-O Qe7 12. Rdg1 g6 13. g4 O-O-O 14. h5
fxg4 15. Rxg4 e5 16. Bb5 a6 17. Bxc6 Bxc6 18. dxe5 Bxe5 19. hxg6 hxg6 20. Rhg1
Be8 21. Nxe5 Qxe5 22. Nf3 Qf6 23. Rf4 Qd6 24. Ng5 Qe7 25. Qd3 Kb7 26. Qd4 Rh5
27. Rf6 Rd6 28. Rxd6 Qxd6 29. c4 Qh2 30. Qxd5+ Bc6 31. Qd1 Qxf2 32. Kb1 Qxe3
33. Nf7 Be4+ 34. Ka1 Qxg1 35. Qxg1 Rh1 36. Qxh1 Bxh1 37. Kb1 Be4+ 38. Kc1 Kc6
39. Kd2 Kd7 40. a3 Ke6 41. Nh6 Bb1 42. Kc3 Ke5 43. b4 Kf4 44. c5 Ba2 45. a4 g5
46. cxb6 cxb6 47. a5 b5 48. Kd4 g4 49. Nxg4 Kxg4 50. Kc5 Kf5 51. Kb6 Ke6 52.
Kxa6 Kd7 53. Kxb5 Kc7 54. a6 Bd5 55. Kc5 Bh1 56. b5 Bf3 57. b6+ Kb8 58. Kd6 Be2
59. a7+ Kb7 60. a8=Q+ Kxa8 61. Kc7 1/2-1/2

[Event "Weekend A"]
[Site "Bari ITA"]
[Date "2005.01.30"]
[Round "6"]
[White "Delfino, Luigi"]
[Black "Borino, Paolo"]
[Result "1-0"]
[WhiteElo "2078"]
[BlackElo "1857"]
[PlyCount "55"]
[EventDate "2005.01.22"]

1. d4 Nf6 2. Nf3 g6 3. c4 Bg7 4. Nc3 d5 5. Qb3 c6 6. Bg5 dxc4 7. Qxc4 Nbd7 8.
e4 Nb6 9. Qc5 O-O 10. Bd3 Re8 11. h3 Nbd7 12. Qa3 e5 13. d5 Bf8 14. Qb3 Qa5 15.
dxc6 bxc6 16. Bxf6 Nxf6 17. Bc4 Be6 18. Bxe6 Rab8 19. Bxf7+ Kg7 20. Qc4 Rb4 21.
Qxc6 Rb6 22. Qc4 Rb4 23. Qc6 Rb6 24. Qa4 Qc5 25. Bxe8 Rxb2 26. O-O Nxe8 27.
Qxe8 Qxc3 28. Qxe5+ 1-0

[Event "Weekend A"]
[Site "Bari ITA"]
[Date "2005.01.30"]
[Round "6"]
[White "Di Lascio, Savino"]
[Black "Caputi, Nicola"]
[Result "0-1"]
[WhiteElo "1964"]
[BlackElo "2019"]
[PlyCount "125"]
[EventDate "2005.01.22"]

1. Nf3 d5 2. g3 Nf6 3. Bg2 e6 4. O-O Be7 5. d3 O-O 6. Nbd2 c5 7. e4 Nc6 8. e5
Nd7 9. Qe2 Nd4 10. Nxd4 cxd4 11. Nb3 Qb6 12. f4 f5 13. exf6 Nxf6 14. f5 Re8 15.
fxe6 Bxe6 16. Bd2 Bb4 17. Bxb4 Qxb4 18. Qe5 Bf7 19. Qg5 Qb6 20. Rf2 h6 21. Qh4
Re5 22. Raf1 Rh5 23. Rxf6 gxf6 24. Qxf6 Qxf6 25. Rxf6 Kg7 26. Rd6 Re8 27. Rd7
Re1+ 28. Kf2 Rb1 29. Rxb7 Rxb2 30. Rc7 Rxa2 31. Nxd4 Ra6 32. g4 Re5 33. Nf5+
Kf8 34. d4 Re8 35. h4 Rb8 36. Bf1 Rf6 37. Rxa7 h5 38. Kg3 hxg4 39. Kxg4 Rb4 40.
Bd3 Rg6+ 41. Kf4 Re6 42. Ra8+ Be8 43. Rd8 Kf7 44. Rxe8 Kxe8 45. Ng7+ Ke7 46.
Nxe6 Kxe6 47. h5 Rxd4+ 48. Kg5 Kf7 49. h6 Rb4 50. Kf5 Rh4 51. Kg5 Rh2 52. Bg6+
Ke6 53. Bh5 Rg2+ 54. Kf4 Kf6 55. Bf3 Rd2 56. h7 Kg7 57. Bxd5 Rxd5 58. Ke4 Rc5
59. Kd3 Kxh7 60. c4 Kg6 61. Kd4 Rc8 62. Kd5 Kf6 63. c5 0-1

[Event "Weekend A"]
[Site "Bari ITA"]
[Date "2005.01.30"]
[Round "6"]
[White "Palma, Antonio"]
[Black "Shytaj, Carlo"]
[Result "0-1"]
[WhiteElo "1953"]
[BlackElo "2195"]
[PlyCount "86"]
[EventDate "2005.01.22"]

1. d4 Nf6 2. c4 c5 3. d5 b5 4. cxb5 a6 5. b6 d6 6. Nc3 Qxb6 7. e4 g6 8. Be2 Bg7
9. Nf3 O-O 10. O-O a5 11. Rb1 Ba6 12. Bf4 Re8 13. Bxa6 Nxa6 14. Nd2 Nc7 15. a3
Qa6 16. b4 axb4 17. axb4 Qd3 18. Rb3 cxb4 19. Na2 Qa6 20. Nxb4 Qa4 21. Qf3 Nd7
22. Nc6 Ne5 23. Nxe5 Bxe5 24. Rb7 Ra7 25. Rfb1 Rxb7 26. Rxb7 Qc2 27. Nf1 f6 28.
Be3 Na6 29. g3 Nc5 30. Bxc5 dxc5 31. Ne3 Qd3 32. Qg4 Kf8 33. h4 Bd4 34. Nf1 f5
35. Qf4 Qxe4 36. Qh6+ Kg8 37. h5 Qf3 38. Qd2 Qxd5 39. Rb5 Qf3 40. hxg6 hxg6 41.
Qa2+ Kg7 42. Rb3 Bxf2+ 43. Kh2 Rh8# 0-1

[Event "Weekend A"]
[Site "Bari ITA"]
[Date "2005.01.30"]
[Round "6"]
[White "Pizzuto, Samuele Tullio"]
[Black "Capitelli, Paolo"]
[Result "1/2-1/2"]
[WhiteElo "2186"]
[BlackElo "2161"]
[PlyCount "47"]
[EventDate "2005.01.22"]

1. d4 Nf6 2. Nc3 d5 3. Bg5 Bf5 4. e3 e6 5. Bd3 Bxd3 6. cxd3 Be7 7. f4 Nbd7 8.
Nf3 O-O 9. O-O c5 10. Kh1 a6 11. Qc2 b5 12. dxc5 Nxc5 13. Qd2 Rc8 14. Ne2 Nfd7
15. Bxe7 Qxe7 16. Ned4 g6 17. Rac1 f6 18. b4 Na4 19. a3 e5 20. Nc6 Qd6 21. Na5
Kh8 22. Rxc8 Rxc8 23. Rc1 Rxc1+ 24. Qxc1 1/2-1/2

[Event "Weekend A"]
[Site "Bari ITA"]
[Date "2005.01.30"]
[Round "6"]
[White "Vespe, Francesco"]
[Black "Pascali, Frederic"]
[Result "1-0"]
[WhiteElo "2045"]
[BlackElo "1831"]
[PlyCount "83"]
[EventDate "2005.01.22"]

1. d4 Nf6 2. c4 e6 3. Nc3 d5 4. Bg5 Bb4 5. Nf3 c6 6. Bxf6 Qxf6 7. e3 O-O 8. Rc1
Nd7 9. Bd3 dxc4 10. Bxc4 e5 11. O-O Bxc3 12. Rxc3 exd4 13. exd4 Nb6 14. Bb3 Bg4
15. h3 Bxf3 16. Rxf3 Qd6 17. Qd3 Rad8 18. Rd1 Nd5 19. a3 Rde8 20. Rf5 Re7 21.
Bxd5 cxd5 22. Qb5 Rfe8 23. g3 Rd8 24. Rc1 g6 25. Rf3 Qd7 26. Qc5 b6 27. Qb4
Rde8 28. Kg2 Rd8 29. Rfc3 Qd6 30. Qb5 Qf6 31. Rc8 Ree8 32. Qxe8+ Rxe8 33. Rxe8+
Kg7 34. Re5 Qd8 35. Rce1 Qd6 36. Re7 a5 37. Rb7 Qc6 38. Ree7 Qb5 39. Rxf7+ Kh6
40. Rxh7+ Kg5 41. Rbf7 Qxb2 42. h4+ 1-0

[Event "Weekend A"]
[Site "Bari ITA"]
[Date "2005.01.30"]
[Round "6"]
[White "Viterbo, Luca"]
[Black "Laghetti, Gaetano"]
[Result "0-1"]
[WhiteElo "1811"]
[BlackElo "1823"]
[PlyCount "128"]
[EventDate "2005.01.22"]

1. e4 c5 2. Nf3 d6 3. d4 cxd4 4. Nxd4 Nf6 5. Nc3 a6 6. Bc4 e6 7. Be3 b5 8. Bb3
Bb7 9. f3 Nbd7 10. Bxe6 fxe6 11. Nxe6 Qc8 12. Nxf8 Rxf8 13. Qxd6 Qc6 14. O-O-O
Qxd6 15. Rxd6 O-O-O 16. Rhd1 Ne5 17. b3 Rxd6 18. Rxd6 Rd8 19. Bc5 Rxd6 20. Bxd6
Nf7 21. Bf8 g6 22. a4 bxa4 23. Nxa4 Kc7 24. Nc3 Kd7 25. Kd2 Kc6 26. Ke3 Bc8 27.
Ne2 Nd7 28. Nd4+ Kb6 29. Bg7 Nde5 30. h3 Nc6 31. f4 Nxd4 32. Kxd4 Kc6 33. c4
Be6 34. g4 Bc8 35. Bf6 Bd7 36. b4 h5 37. gxh5 gxh5 38. h4 Be6 39. f5 Bc8 40.
Be7 Kd7 41. Bf8 Kc6 42. Bc5 Bd7 43. Be7 Bc8 44. Ke3 Kd7 45. Bf8 Ke8 46. Bc5 Ne5
47. Kf4 Nd3+ 48. Kg5 Nxc5 49. Kxh5 Nxe4 50. Kg6 Nd6 51. f6 Nxc4 52. Kg7 Be6 53.
h5 Nd6 54. h6 Nf5+ 55. Kg6 Nxh6 56. Kxh6 Kd7 57. Kg5 Kc6 58. Kf4 Kb5 59. Ke3
Kxb4 60. Kd2 Ka3 61. Kc2 Ka2 62. Kc3 a5 63. Kc2 a4 64. Kc1 Bb3 0-1

[Event "XII Torneo Internazionale"]
[Site "Montecatini Terme ITA"]
[Date "2005.01.27"]
[Round "1"]
[White "Djuric, Stefan"]
[Black "De Santis, Alessio"]
[Result "1-0"]
[WhiteElo "2470"]
[BlackElo "2293"]
[PlyCount "81"]
[EventDate "2005.01.27"]

1. Nf3 f5 2. d3 Nf6 3. e4 d6 4. e5 dxe5 5. Nxe5 Nbd7 6. Bf4 e6 7. Nc3 Bd6 8. d4
O-O 9. Bc4 Nb6 10. Bb3 a5 11. a4 Nbd5 12. Nxd5 exd5 13. O-O c6 14. Re1 Be6 15.
Qe2 Re8 16. Bg5 h6 17. Bxf6 Qxf6 18. f4 Kh7 19. Rad1 Re7 20. Rd3 Rae8 21. Qd2
Bb4 22. c3 Bd6 23. Bc2 Kh8 24. Rde3 c5 25. Kf1 g5 26. Rh3 Kg8 27. Bb3 cxd4 28.
Qxd4 Kg7 29. fxg5 hxg5 30. Nf3 g4 31. Rh7+ Kxh7 32. Qxf6 gxf3 33. gxf3 f4 34.
Bc2+ Kg8 35. Qg6+ Kf8 36. Qh6+ Kg8 37. Qg6+ Kf8 38. Bf5 Bxf5 39. Qxf5+ Rf7 40.
Rxe8+ Kxe8 41. Qe6+ 1-0

[Event "XII Torneo Internazionale"]
[Site "Montecatini Terme ITA"]
[Date "2005.01.27"]
[Round "1"]
[White "Mariotti, Sergio"]
[Black "Tocchioni, Doriano"]
[Result "1/2-1/2"]
[WhiteElo "2350"]
[BlackElo "2283"]
[PlyCount "24"]
[EventDate "2005.01.27"]

1. e4 c5 2. Nf3 Nc6 3. d4 cxd4 4. Nxd4 Nf6 5. Nc3 e5 6. Ndb5 d6 7. Nd5 Nxd5 8.
exd5 Ne7 9. c4 Nf5 10. Be2 a6 11. Nc3 Be7 12. O-O O-O 1/2-1/2

[Event "XII Torneo Internazionale"]
[Site "Montecatini Terme ITA"]
[Date "2005.01.27"]
[Round "1"]
[White "Sciortino, Massimo"]
[Black "Mrdja, Milan"]
[Result "1-0"]
[WhiteElo "2228"]
[BlackElo "2395"]
[PlyCount "49"]
[EventDate "2005.01.27"]

1. e4 c5 2. Nf3 d6 3. d4 cxd4 4. Nxd4 Nf6 5. Nc3 a6 6. Be3 Ng4 7. Bc1 Nf6 8.
Be3 Ng4 9. Bc1 g6 10. f3 Nf6 11. Be3 Bg7 12. Qd2 Nc6 13. Bc4 O-O 14. O-O-O Ne5
15. Bd3 b5 16. g4 Bb7 17. h4 Qc7 18. Kb1 Nc4 19. Bxc4 Qxc4 20. h5 Rac8 21. Bh6
b4 22. Na4 Rce8 23. Bxg7 Kxg7 24. Nb6 Qc5 25. hxg6 1-0

[Event "XII Torneo Internazionale"]
[Site "Montecatini Terme ITA"]
[Date "2005.01.27"]
[Round "1"]
[White "Shytaj, Luca"]
[Black "Buli, Vangjel"]
[Result "1/2-1/2"]
[WhiteElo "2341"]
[BlackElo "2166"]
[PlyCount "152"]
[EventDate "2005.01.27"]

1. e4 c6 2. d4 d5 3. exd5 cxd5 4. c4 Nf6 5. Nc3 Nc6 6. Nf3 Bg4 7. cxd5 Nxd5 8.
Qb3 Bxf3 9. gxf3 e6 10. Qxb7 Nxd4 11. Bb5+ Nxb5 12. Qc6+ Ke7 13. Qxb5 Qd7 14.
Nxd5+ Qxd5 15. Qxd5 exd5 16. O-O Ke6 17. Re1+ Kf5 18. Be3 Bb4 19. Red1 Rhd8 20.
Rac1 Rd7 21. Rc6 a5 22. Rd4 f6 23. a3 Be7 24. Ra4 Rb8 25. Rc2 Rb5 26. Bd2 Bd8
27. Bc3 Bb6 28. Bd4 Bxd4 29. Rxd4 Ke5 30. Rcd2 Rc7 31. Kg2 Rc1 32. f4+ Kd6 33.
Re2 g6 34. f5 Rc6 35. Rh4 Rb7 36. fxg6 hxg6 37. Rg4 g5 38. f4 Rc4 39. Rf2 Rxf4
40. Rgxf4 gxf4 41. Kf1 Ke5 42. h4 a4 43. Rh2 Kf5 44. Rd2 Rb5 45. h5 Kg5 46. Rh2
Rc5 47. Ke1 Kh6 48. Kd2 Rc4 49. Kd3 Re4 50. Rh1 f3 51. Rf1 Rf4 52. Ke3 Rf5 53.
Kf2 Rxh5 54. Rd1 Rh2+ 55. Kg3 Rxb2 56. Rd4 f2 57. Kg2 Ra2 58. Rxa4 Rd2 59. Rg4
f5 60. Rg3 Ra2 61. Rd3 Kg5 62. Rxd5 Kg4 63. Rd3 f4 64. Kf1 Kf5 65. Rb3 Ke4 66.
Rb4+ Kf3 67. Rb3+ Kg4 68. Rd3 Rc2 69. a4 Ra2 70. a5 Rxa5 71. Kxf2 Ra2+ 72. Kf1
Rb2 73. Ra3 Rd2 74. Rb3 Kf5 75. Ra3 Ke4 76. Rb3 f3 1/2-1/2

[Event "XII Torneo Internazionale"]
[Site "Montecatini Terme ITA"]
[Date "2005.01.27"]
[Round "1"]
[White "Velikov, Petar V."]
[Black "Kaps, Darja"]
[Result "1-0"]
[WhiteElo "2430"]
[BlackElo "2287"]
[PlyCount "101"]
[EventDate "2005.01.27"]

1. Nf3 Nf6 2. g3 d5 3. Bg2 e6 4. O-O Be7 5. c4 O-O 6. b3 c6 7. Bb2 Nbd7 8. d3
Re8 9. Qc2 Bf8 10. Nc3 b6 11. cxd5 exd5 12. e4 Ba6 13. Rfd1 Rc8 14. a3 Bd6 15.
b4 Bb7 16. exd5 cxd5 17. Qb3 Ne5 18. Nb5 Nxf3+ 19. Bxf3 Bb8 20. Rac1 Qd7 21. a4
Bc6 22. Bxf6 gxf6 23. Nc3 Rcd8 24. b5 Bb7 25. Qb4 Qf5 26. Kg2 h5 27. Qh4 Qg5
28. d4 Qxh4 29. gxh4 Kg7 30. Re1 Bf4 31. Rxe8 Rxe8 32. Rd1 Rd8 33. Ne2 Bd6 34.
Ng3 Bxg3 35. hxg3 Rc8 36. Bxh5 Rc4 37. Bf3 Rxa4 38. Rc1 a6 39. Rc7 Ba8 40. bxa6
Rxa6 41. Bh5 b5 42. Rxf7+ Kg8 43. Rc7 b4 44. Rc8+ Kg7 45. Rb8 b3 46. Rxb3 Ra4
47. Rd3 Bc6 48. Bd1 Ra1 49. Kf3 Be8 50. Kf4 Bg6 51. Rd2 1-0

[Event "XII Torneo Internazionale"]
[Site "Montecatini Terme ITA"]
[Date "2005.01.27"]
[Round "1"]
[White "Voiska, Margarita"]
[Black "Miladinovic, Igor"]
[Result "0-1"]
[WhiteElo "2361"]
[BlackElo "2611"]
[PlyCount "82"]
[EventDate "2005.01.27"]

1. c4 Nc6 2. Nc3 Nf6 3. e4 e5 4. Nf3 Bb4 5. d3 d6 6. Be2 a6 7. O-O h6 8. h3 O-O
9. Nh2 Nd4 10. f4 c6 11. Kh1 b5 12. cxb5 axb5 13. Ng4 Nxg4 14. Bxg4 Bxg4 15.
Qxg4 f5 16. Qd1 Bc5 17. Ne2 Qh4 18. Nxd4 Bxd4 19. a4 g5 20. exf5 gxf4 21. Bd2
Rxf5 22. axb5 Rxa1 23. Qxa1 cxb5 24. Qa8+ Kg7 25. Qd5 Qh5 26. Rf3 Qf7 27. Qxd6
Qb3 28. Qd7+ Rf7 29. Qg4+ Kh7 30. Qh4 Qd1+ 31. Qe1 Qxe1+ 32. Bxe1 Ra7 33. Bf2
Ra1+ 34. Kh2 Bxb2 35. d4 exd4 36. Rxf4 Rf1 37. Kg3 b4 38. Rf7+ Kg6 39. Rb7 d3
40. Rb6+ Kf5 41. Rb5+ Be5+ 0-1

[Event "XII Torneo Internazionale"]
[Site "Montecatini Terme ITA"]
[Date "2005.01.28"]
[Round "2"]
[White "De Santis, Alessio"]
[Black "Voiska, Margarita"]
[Result "0-1"]
[WhiteElo "2293"]
[BlackElo "2361"]
[PlyCount "94"]
[EventDate "2005.01.27"]

1. d4 g6 2. c4 Bg7 3. Nc3 c5 4. d5 Bxc3+ 5. bxc3 f5 6. e4 fxe4 7. g4 d6 8. h4
Nf6 9. Be2 Qa5 10. g5 Nfd7 11. Bd2 Ne5 12. Qb1 Nd3+ 13. Bxd3 exd3 14. h5 Rg8
15. hxg6 hxg6 16. Rh7 Nd7 17. Qxd3 Ne5 18. Qe2 Bf5 19. f4 Nd3+ 20. Kf1 O-O-O
21. Rf7 Nb2 22. Rxf5 gxf5 23. Be1 Na4 24. Nf3 Nb6 25. a4 Qa6 26. Nd2 Na8 27. a5
Nc7 28. Qd3 Kb8 29. Bf2 e6 30. dxe6 Nxe6 31. Qxf5 Ng7 32. Qd5 Rgf8 33. Qf3 Ne6
34. f5 Nxg5 35. Qg4 Nf7 36. Bh4 Nh6 37. Qf3 Rxf5 38. Qxf5 Nxf5 39. Bxd8 Ne3+
40. Kf2 Nxc4 41. Nf3 Qb5 42. Re1 Nxa5 43. Re7 Nc4 44. Rg7 a5 45. Rg8 Ka7 46.
Bf6 a4 47. Ng5 Qd7 0-1

[Event "XII Torneo Internazionale"]
[Site "Montecatini Terme ITA"]
[Date "2005.01.28"]
[Round "2"]
[White "Kaps, Darja"]
[Black "Shytaj, Luca"]
[Result "0-1"]
[WhiteElo "2287"]
[BlackElo "2341"]
[PlyCount "96"]
[EventDate "2005.01.27"]

1. d4 Nf6 2. Bg5 e6 3. e3 b6 4. Nf3 Bb7 5. Bd3 Be7 6. Nbd2 c5 7. c3 d5 8. Bxf6
Bxf6 9. Qe2 Nc6 10. h4 Qc7 11. g4 h6 12. Rg1 g6 13. Ba6 O-O-O 14. Bxb7+ Kxb7
15. dxc5 bxc5 16. a4 Ka8 17. Nb3 Qb6 18. Qb5 Rb8 19. Nxc5 Qxb5 20. axb5 Rxb5
21. Na4 e5 22. g5 Bg7 23. Ke2 Rc8 24. e4 d4 25. c4 Rb4 26. Ra3 hxg5 27. Nxg5
Rc7 28. h5 gxh5 29. Nh7 f6 30. Nc5 Rxb2+ 31. Kf3 Bh6 32. Nxf6 Rf7 33. Ncd7 Bg7
34. Rg6 Ne7 35. Rxg7 Rxg7 36. Nxe5 h4 37. Nd3 Rc2 38. Ne8 Rf7+ 39. Kg4 Rc3 40.
Rxc3 dxc3 41. f4 c2 42. Nc7+ Kb7 43. Ne6 Nc6 44. Kxh4 Rh7+ 45. Kg5 Rh1 46.
Nec5+ Kc7 47. Nb3 Rd1 48. Nbc1 a5 0-1

[Event "XII Torneo Internazionale"]
[Site "Montecatini Terme ITA"]
[Date "2005.01.28"]
[Round "2"]
[White "Miladinovic, Igor"]
[Black "Velikov, Petar V."]
[Result "1-0"]
[WhiteElo "2611"]
[BlackElo "2430"]
[PlyCount "75"]
[EventDate "2005.01.27"]

1. d4 d5 2. Bg5 c6 3. e3 Qb6 4. Qc1 h6 5. Bh4 e5 6. Nf3 exd4 7. exd4 Be7 8. Bg3
Nf6 9. Bd3 Ne4 10. Nc3 Nxg3 11. hxg3 Na6 12. a3 Nc7 13. b4 Ne6 14. Ne2 a5 15.
Rb1 axb4 16. axb4 Bf6 17. g4 Qd8 18. Kf1 O-O 19. Rxh6 Re8 20. Rh1 Ng5 21. Qf4
g6 22. Ne5 Qe7 23. Re1 Bg7 24. c3 Ne4 25. f3 Nd6 26. Ng3 Qf6 27. Qd2 Be6 28. g5
Qd8 29. Qf4 Ra3 30. Qh4 Rxc3 31. Bxg6 Nc4 32. Bxf7+ Bxf7 33. Qh7+ Kf8 34. Nf5
Nd2+ 35. Kf2 Ne4+ 36. fxe4 Rc2+ 37. Kf1 Bxe5 38. Qh6+ 1-0

[Event "XII Torneo Internazionale"]
[Site "Montecatini Terme ITA"]
[Date "2005.01.28"]
[Round "2"]
[White "Mrdja, Milan"]
[Black "Djuric, Stefan"]
[Result "0-1"]
[WhiteElo "2395"]
[BlackElo "2470"]
[PlyCount "58"]
[EventDate "2005.01.27"]

1. e4 e5 2. Nf3 Nc6 3. Bb5 a6 4. Ba4 Nf6 5. O-O Be7 6. Re1 b5 7. Bb3 O-O 8. h3
Bb7 9. c3 d5 10. exd5 Nxd5 11. d3 Qd6 12. Nbd2 Rad8 13. Ne4 Qg6 14. Ng3 Nf4 15.
Bxf4 exf4 16. Ne4 Na5 17. Bc2 c5 18. Qc1 Qh6 19. d4 cxd4 20. Nxd4 g6 21. f3 Nc4
22. Bb3 Ne3 23. Qd2 Bh4 24. Re2 Kh8 25. Nf2 Bg3 26. Nh1 Bh4 27. a4 b4 28. Nf2
a5 29. Nd1 Ba6 0-1

[Event "XII Torneo Internazionale"]
[Site "Montecatini Terme ITA"]
[Date "2005.01.28"]
[Round "2"]
[White "Tocchioni, Doriano"]
[Black "Buli, Vangjel"]
[Result "0-1"]
[WhiteElo "2283"]
[BlackElo "2166"]
[PlyCount "26"]
[EventDate "2005.01.27"]

1. Nf3 Nf6 2. g3 b6 3. Bg2 Bb7 4. O-O c5 5. c4 g6 6. b3 Bg7 7. Bb2 O-O 8. d3 d5
9. Nbd2 Nc6 10. a3 Qd7 11. Qc2 Rfd8 12. cxd5 Qxd5 13. Ne5 Qxg2+ 0-1

[Event "XII Torneo Internazionale"]
[Site "Montecatini Terme ITA"]
[Date "2005.01.29"]
[Round "3"]
[White "Buli, Vangjel"]
[Black "Kaps, Darja"]
[Result "1-0"]
[WhiteElo "2166"]
[BlackElo "2287"]
[PlyCount "115"]
[EventDate "2005.01.27"]

1. d4 Nf6 2. c4 g6 3. Nc3 Bg7 4. e4 d6 5. Nf3 O-O 6. Be2 e5 7. d5 a5 8. Be3 Ng4
9. Bg5 f6 10. Bh4 Na6 11. Nd2 h5 12. h3 Nh6 13. f3 Bd7 14. g4 g5 15. Bf2 h4 16.
a3 c5 17. Bd3 Nf7 18. Bc2 Nh8 19. Ba4 Bc8 20. Nf1 Ng6 21. Ne3 Nf4 22. Nf5 Rf7
23. Be3 Ng2+ 24. Kf2 Nxe3 25. Nxe3 Bf8 26. Kg2 Rb8 27. Qd2 Be7 28. Rhb1 Qf8 29.
Nb5 Bd8 30. Na7 b5 31. Nxb5 Rfb7 32. Nc3 Bd7 33. Bc6 Bxc6 34. dxc6 Rb3 35. Nf5
Nc7 36. a4 Ne6 37. Qd5 Qe8 38. Nb5 Kh8 39. Qd1 Rd3 40. Qf1 Qxc6 41. Rd1 Rb3 42.
Rxd6 Rxb2+ 43. Kh1 Qe8 44. Rb1 Rb4 45. Ne3 Nd4 46. Nd5 Rxb1 47. Qxb1 Be7 48.
Ra6 Qc8 49. Rb6 Rxb6 50. Nxb6 Qb7 51. Nd5 Nxf3 52. Qb3 Nd2 53. Qd3 Nxe4 54.
Qxe4 Qd7 55. Qf5 Qb7 56. Qe6 Bf8 57. Qxf6+ Bg7 58. Qxg5 1-0

[Event "XII Torneo Internazionale"]
[Site "Montecatini Terme ITA"]
[Date "2005.01.29"]
[Round "3"]
[White "Sciortino, Massimo"]
[Black "Tocchioni, Doriano"]
[Result "0-1"]
[WhiteElo "2228"]
[BlackElo "2283"]
[PlyCount "106"]
[EventDate "2005.01.27"]

1. e4 c5 2. f4 b6 3. Nf3 Bb7 4. Nc3 Nf6 5. Bc4 e6 6. d3 a6 7. a4 d5 8. exd5
exd5 9. Bb3 Be7 10. O-O O-O 11. Ne5 Nc6 12. Ne2 Qc7 13. c3 Nxe5 14. fxe5 Qxe5
15. Bf4 Qe6 16. Qd2 Qc6 17. Ng3 Bc8 18. Rae1 Ra7 19. Bg5 Qd6 20. Rxe7 Rxe7 21.
Bxf6 gxf6 22. Nh5 Qe5 23. Nxf6+ Kh8 24. Nxd5 Re6 25. d4 cxd4 26. cxd4 Qe2 27.
Qb4 Rg8 28. Nf4 Qe3+ 29. Kh1 Rf6 30. d5 Bf5 31. Qc3 Qxc3 32. bxc3 Be4 33. Kg1
Rc8 34. c4 b5 35. axb5 axb5 36. cxb5 Rb6 37. Re1 f5 38. g4 Rxb5 39. Ba4 Rb4 40.
Bd7 Rd8 41. Bc6 fxg4 42. Nh5 Rf8 43. Ng3 Bf3 44. Nf1 Rb2 45. Ne3 Rd2 46. Bd7 h5
47. Be6 Kg7 48. Ra1 Kf6 49. Ra6 Kg5 50. Ra4 Re2 51. Ra3 Rb8 52. Rd3 Rb1+ 53.
Nd1 Re1+ 0-1